000 00639nam a2200241Ia 4500
003 OSt
005 20220928102810.0
006 a|||||r|||| 00| 0
007 ta
008 220927b |||||||| |||| 00| 0 eng d
024 _a45131
037 _cTextual
040 _aSDCL
_cSDCL
_beng
041 _2eng
_aeng
082 _aO152,1M96:g, K92;1
100 _aSharad Onkar
_9400392
245 0 _aNirala
260 _aAllahbad
_bVora And Company Publisher's Pvt Ltd
_c1969
300 _a180p.
_ccm.
490 _aAdyayan mala .1
942 _hO152,1M96:g, K92;1
_cTEXL
_2CC
999 _c716302
_d716302